Logo BPK

Biblioteka

Politechniki Koszalińskiej

Das schweigende Gewicht : (Rekord nr 50602)

Szczegóły MARC
000 -ETYKIETA REKORDU
podpole kontrolne o stałej długości 00585nam a2200229 i 4500
001 - NUMER KONTROLNY REKORDU
pole kontrolne bgj
020 ## - MIĘDZYNARODOWY ZNORMALIZOWANY NUMER KSIĄŻKI - ISBN
ISBN 3499251590
040 ## - ŹRÓDŁO KATALOGOWANIA
Instytucja, która utworzyła rekord BPK
041 0# - KOD JĘZYKA
Kod języka tekstu ger
044 ## - KOD KRAJU WYDAWCY/PRODUCENTA
Kod kraju wydawcy/producenta DEU
080 ## - UNIWERSALNA KLASYFIKACJA DZIESIĘTNA - UKD
UKD 821.112.2-3
920 ## - Międzynarodowy znormalizowany numer książki – ISBN
ISBN 3-499-25159-0
008 - POLE O STAŁEJ DŁUGOŚCI - DANE KONTROLNE
podpole kontrolne o stałej długości s gw f |000 0 ger
100 1# - NAZWA OSOBOWA
Nazwa osobowa STALDER, Heinz.
245 10 - TYTUŁ/ODPOWIEDZIALNOŚĆ
Tytuł Das schweigende Gewicht :
Ciąg dalszy tytułu Erzälung /
Pozostałe elementy strefy tytułu i oznaczenia odpowiedzialności Heinz Stalder.
260 ## - STREFA ADRESU WYDAWNICZEGO
Miejsce wydania Reinbek bei Hamburg :
Nazwa wydawcy/dystrybutora Rowohlt,
Data publikacji, dystrybucji/powstania dokumentu cop. 1981.
300 ## - STREFA OPISU FIZYCZNEGO
Objętość 157 s. ;
Rozmiary 19 cm.
490 1# - STREFA SERII I DOKUMENTU WIELOCZĘŚCIOWEGO - FORMA NIE DO WYSZUKIWANIA
Tytuł i oznaczenie odpowiedzialności serii Das neue Buch
Numeracja w obrębie serii 159
650 9# - HASŁO PRZEDMIOTOWE W FORMIE NAZWY OGÓLNEJ LUB JEDNOSTKOWEJ
Nazwa ogólna lub geograficzna Powieść niemiecka
830 ## - HASŁO DODATKOWE SERII LUB DOKUMENTU WIELOCZĘŚCIOWEGO - TYTUŁ UJEDNOLICONY
Tytuł ujednolicony Das neue Buch
856 ## - LOKALIZACJA I DOSTĘP DO ELEKTRONICZNYCH DOKUMENTÓW ZDALNYCH
Link (URL) http://koha.tu.koszalin.pl/cgi-bin/koha/opac-detail.pl?biblionumber=50602
Tekst linku Katalog online BPK
942 ## - DODATKOWE ELEMENTY (KOHA)
Typ dokumentu Książka
Egzemplarze
Wycofany Status egzemplarza Uszkodzony Dostępność Lokalizacja stała Lokalizacja bieżąca Miejsce przechowywania Sygnatura Kod kreskowy Typ dokumentu
      Dostępny Biblioteka Politechniki Koszalińskiej Biblioteka Politechniki Koszalińskiej Wypożyczalnia Językowa N 601 02120508 Książka
© 2023 Biblioteka Politechniki Koszalińskiej :: KOHA